Income disparity among persons with disabilities, assessed by education and sex: accentuated gender difference found in metro Manila, the Philippines (Record no. 110043)

000 -LEADER
fixed length control field 00561pab a2200181 454500
008 - FIXED-LENGTH DATA ELEMENTS--GENERAL INFORMATION
fixed length control field 180718b2015 xxu||||| |||| 00| 0 eng d
100 ## - MAIN ENTRY--PERSONAL NAME
Personal name Albert, Jose ramon et al
245 ## - TITLE STATEMENT
Title Income disparity among persons with disabilities, assessed by education and sex: accentuated gender difference found in metro Manila, the Philippines
260 ## - PUBLICATION, DISTRIBUTION, ETC.
Date of publication, distribution, etc. 2015
300 ## - PHYSICAL DESCRIPTION
Extent p.289-302.
362 ## - DATES OF PUBLICATION AND/OR SEQUENTIAL DESIGNATION
Dates of publication and/or sequential designation Dec
650 ## - SUBJECT ADDED ENTRY--TOPICAL TERM
Topical term or geographic name entry element Women
650 ## - SUBJECT ADDED ENTRY--TOPICAL TERM
Topical term or geographic name entry element Education
650 ## - SUBJECT ADDED ENTRY--TOPICAL TERM
Topical term or geographic name entry element Disabled persons
650 ## - SUBJECT ADDED ENTRY--TOPICAL TERM
Topical term or geographic name entry element Income distribution
773 ## - HOST ITEM ENTRY
Main entry heading Developing Economies
909 ## -
-- 110048
Holdings
Withdrawn status Lost status Damaged status Not for loan Permanent Location Current Location Date acquired Serial Enumeration / chronology Barcode Date last seen Price effective from Koha item type
        Indian Institute of Public Administration Indian Institute of Public Administration 2018-07-19 Volume no: 53, Issue no: 4 AR110508 2018-07-19 2018-07-19 Articles

Powered by Koha